000
00309 a2200145 4500
001
178563
020
_a
040
_c
Magnum
100
_a
Schall,virginia
240
1
0
_a
O sonho de carlos
_l
por
245
1
0
_a
O sonho de carlos
362
0
_a
1899
697
_a
MAGNITO: IJ/AVENTURA, CRIANCAS
942
_c
BK
999
_c
178563
_d
178563